000
00244nam a22001097a 4500
003
SGT
082
_a
370
_b
NIS
100
_a
NISANK, RAMESH POKHRIYAL
245
_a
SANGHARSH JARI HAI (HINDI)
260
_a
DELHI
_b
WINSAR PUB.
942
_2
ddc
_c
BK
_0
2
999
_c
18559
_d
18559